000 01026nac a22002291u 4500
010 _a94033904
020 _a0070055572 (alk. paper)
082 0 0 _a388.4068
_bB6271
090 _c1340
_d1340
100 _aBlack, Alan,
245 1 0 _aUrban mass transportation planning /
_cAlan Black.
260 _aNew York :
_bMcGraw-Hill,
_cc1995.
300 _axvi, 411 p. :
_bill. ;
_c24 cm.
440 0 _aMcGraw-Hill series in transportation
504 _aIncludes bibliographical references and index.
650 0 _aUrban transportation policy
_zUnited States.
650 0 _aTransportation
_zUnited States
_xPlanning.
650 0 _aUrban transportation policy
_zUnited States
_xHistory.
942 _cBB
_k388.4068B6271
999 _c1340
_d1340